| 000 | 00672nam a2200253Ia 4500 | ||
|---|---|---|---|
| 003 | OSt | ||
| 005 | 20220918201322.0 | ||
| 006 | a|||||r|||| 00| 0 | ||
| 007 | ta | ||
| 008 | 220917b |||||||| |||| 00| 0 eng d | ||
| 024 | _a93,101 | ||
| 037 | _cTextual | ||
| 040 |
_aARTS _cARTS _beng |
||
| 041 |
_2eng _aeng |
||
| 082 | _aV2y7C25, M3-;1 | ||
| 100 |
_aSharma Hira Lal _998105 |
||
| 245 | 0 | _aAhilyabai tr by K R Pandey | |
| 260 |
_aNew Delhi _bNational Book Trust _c1983 |
||
| 300 |
_avi,139p. _ccm. |
||
| 500 | _aBib 139p; App 136-38p | ||
| 650 | _aHISTORY | ||
| 942 |
_hV2y7C25, M3-;1 _cTEXL _2CC |
||
| 999 |
_c216749 _d216749 |
||